| 000 | 00400nam a22001577a 4500 | ||
|---|---|---|---|
| 999 |
_c8104 _d8104 |
||
| 003 | OSt | ||
| 005 | 20200803172456.0 | ||
| 008 | 200803b ||||| |||| 00| 0 eng d | ||
| 020 | _a9780230525368 | ||
| 082 |
_a696 _bMCM |
||
| 100 | _a McMullan, Randall | ||
| 245 | _aEnvironmental science in building | ||
| 250 | _aRev Ed edition | ||
| 260 |
_aNew York _bPalgrave Macmillan _cMay 5, 1989 |
||
| 942 | _2ddc | ||